MARC details
| 000 -Лідер |
| fixed length control field |
02254nam a22002777a 4500 |
| 003 - Ідентифікатор контрольного номера |
| control field |
UA-OsUOA |
| 001 - Контрольний номер |
| control field |
67972 |
| 007 - Фіксоване поле фізичного опису |
| fixed length control field |
ta |
| 008 - Елементи даних фіксованої довжини – загальна інформація |
| fixed length control field |
20100323b un ||||| |||| 00| 0 ukr d |
| 090 ## - Локальний шифр розміщення |
| Класифікаційний індекс УДК |
346.1(477) |
| Авторський знак (НП) |
Г72 |
| 040 ## - Джерело каталогізації |
| Агенція оригінальної каталогізації |
UA-OsUOA |
| Мова каталогізації |
ukr |
| Агенція, яка здійснювала перезапис |
UA-OsUOA |
| Агенція, яка здійснювала модифікацію |
UA-OsUOA |
| 041 ## - Код мови |
| Код мови тексту/ звукової доріжки чи окремого заголовка (П) |
ukr |
| 080 ## - Індекс Універсальної десяткової класифікації |
| Індекс Універсальної десяткової класифікації (УДК) (НП) |
346.1(477) |
| 020 ## - Міжнародний стандартний книжковий номер (ISBN) |
| Міжнародний стандартний книжковий номер (ISBN) (НП) |
978-966-313-432-1 |
| 245 ## - Відомості про назву |
| Назва (НП) |
Господарське процесуальне право України |
| Решта назви (НП) |
навчальний посібник |
| Дані про відповідальність (НП) |
за ред. В. Л. Костюка |
| 260 ## - Публікація, розповсюдження і т.п. (Вихідні дані) |
| Місце публікації, розповсюдження і т.п. (П) |
К. |
| Ім’я/ наймення видавництва, розповсюджувача і т.п. (П) |
Ін Юре |
| Дата публікації, розповсюдження і т.п. (П) |
2009 |
| 300 ## - Фізичний опис |
| Обсяг |
223 с. |
| 520 3# - Резюме і т.п. |
| Резюме, реферат, анотація, тощо (НП) |
У навчальному посібнику розкриваються основні положення сучасного господарського процесуального права, зокрема поняття, предмет, метод, принципи, джерела та суб’єкт. Особлива увага приділяється ключовим питанням функціонування господарських судів, та з |
| 520 3# - Резюме і т.п. |
| Резюме, реферат, анотація, тощо (НП) |
дійснення правосуддя у господарських справа, розгляду справ у місцевих, апеляційних та касаційних господарських судах, зокрема справ про банкрутство, а також виконання рішень господарських судів.Усі питання розкрито з урахуванням положень господарс |
| 520 3# - Резюме і т.п. |
| Резюме, реферат, анотація, тощо (НП) |
ького процесуального законодавства та теорії господарського процесуального права. Розраховано на студентів вищих навчальних закладів , викладачів, аспірантів, юристів-практиків, адвокатів, суддів та усіх, хто цікавиться питаннями господарського судо |
| 520 3# - Резюме і т.п. |
| Резюме, реферат, анотація, тощо (НП) |
чинства. |
| 650 #7 - Додаткове предметне введення – тематичний термін |
| Тематичний термін чи географічна назва, як елемент введення (НП) |
346 Господарське право. Правові основи державного регулювання економікою |
| Джерело заголовка чи терміна |
UDC |
| 942 ## - Додаткові елементи входу (Коха) |
| Тип елемента Koha |
Books |
| 955 ## - Код типу видання за змістом |
| Код типу видання за змістом (НП) |
Навчальні видання |